Quizzes
Events
Quiz Creation
Community
Videos
Private Events
Remove Ads
Sign In
Join for FREE
Feedback
Dark Mode
Quiz Categories
Sports
Geography
Music
Movies
Television
Just For Fun
Miscellaneous
History
Literature
Language
Science
Gaming
Entertainment
Religion
Holiday
For Kids
Quiz Lab
Recent
Popular Today
Quiz Kudos Today
Editor Picks
Curator Picks
Quizzes by...
Day
Popularity
Type
Ratings
Length
Year
Community
Subscriptions
Recent Discussions
Orange Saloon
Badges
Playlists
Quests
Create
Leaderboards
Showdown
Live 5
Trivia Bingo
Activity
Puzzle Library
Sporcle Events
Private Events
Virtual Trivia
Globe League
Become a Host
Pub Owners
SporcleCon
Opinionation
Our Games
Videos
Blog
Mobile Apps
Partnerships
Remove Ads and Go Orange
Feedback
Music
Pop Music
The Beatles
Song
Album
Lyrics
Bands
Singers
Artist
Clip
Rock
Rap
Classical
Billboard
Country Music
Kpop
Taylor Swift
Music
Pop Music
The Beatles
Song
Album
Lyrics
Bands
Singers
Artist
Clip
Rock
Rap
Classical
Billboard
Country Music
Kpop
Taylor Swift
Random Quiz
Search Sporcle
×
Quiz Lab
Quiz Lab
Music
Lyrics
Type in answers that appear in a list
Type in answers that appear in a list
Classic
Best Score? Go Orange.
Part of Your World Stats
Can you name the lyrics to Part of Your World?
By
kmiz22
8m
36 Questions
245 Plays
245 Plays
245 Plays
Comments
Comments
Give Quiz Kudos
Give Quiz Kudos
-
- Ratings
hide this ad
Replay
Link that replays current quiz
Next Quiz
Link to next quiz in quiz playlist
You Got
0%
They Got
Avg Score
49%
Avg Friend Score
Upgrade to see
Score Distribution
Jump to the score distribution portion of the page
Score
0/36
Timer
08:00
0
Plays Today
Beginning
Finished Lyric
% Correct
Look...
at this stuff isn't it neat?
92.7%
wouldn't...
you think my collection's complete?
91.8%
wouldn't...
you think im the girl
86.9%
the...
girl who has everything?
85.3%
how many...
wonders can one cavern hold?
70.6%
look...
at this trove treasures untold
61.6%
Up...
where they run
59.2%
Up...
where they walk
57.6%
looking...
around here you think
55.9%
I wanna...
be where the people are
55.1%
Up...
where they stay all day in the sun
54.3%
but...
who cares? no big deal. I want more
52.2%
I wanna...
see, wanna see them dancing
49.4%
wanderin'...
free wish i could be part of that world
48.2%
proper women sick of swimmin'...
ready to stand
48.2%
Flippin'...
your fins, you dont get too far
47.3%
I've...
got gadgets and gizmos a plenty
45.7%
Oh...
feet
45.7%
Beginning
Finished Lyric
% Correct
Legs...
are required for jumping, dancing
45.7%
wish i...
could be
45.3%
what would i give...
if i could live out of these waters?
43.3%
Bet'cha...
on land they understand
42%
part...
of that world
42%
that they dont...
reprimand their daughters
41.6%
and ready...
to know what the people know
41.6%
when's...
it my turn?
41.6%
what would I pay to...
spend a day warm on the sand?
41.2%
what's a fire..
and why does it-what's the word?- burn?
40.8%
ask 'em...
my questions and get some answers
38.4%
out of...
the sea
38%
you want...
thingamabobs? I've got twenty
37.1%
strolling along down a...
whats that word again? street
36.7%
walking...
around on those-what do you call 'em?
36.3%
I've...
got whozits and whatzits galore
30.2%
sure,...
she has everything
28.2%
wouldn't i love,...
love to explore that world up above?
11.4%
Quiz Playlist
Details
Report
Send in Message
Add To Playlist
Classic:
Type in answers that appear in a list
Last Updated: Feb 16, 2017
Quiz Scoreboard
CHALLENGE
Sign Up to Join the Scoreboard
Show All
Scores
Hide
Comments
May contain spoilers
Recently Published
College Basketball Coaching Resumes
by pancakes188
Sports
9m
Billboard Blitz: Fleetwood Mac
by CooCooCachoo
Music
15s
Presidents Visiting Landmarks
by Hejman
History
7m
More to Explore
Quiz From the Vault
Featured Blog Post
Where Did the Easter Bunny Come From?
hide this ad
You Might Also Like...
Tags
Lyrics Quiz
World Quiz
Begins With
Finished
Today's Top Quizzes in Music
Browse Music
hide this ad
Today's Top Quizzes in Lyrics
Browse Lyrics
Top Contributed Quizzes in Music
1
Taylor Swift All Songs (2024)
2
7-to-1: Billboard Hot 100 #1 Hits of 2010s
3
Guess the Artist- 70s Songs
4
Sorting Albums and Songs
5
Taylor Swift Logic Puzzle
6
KPOP LOGIC QUIZ
7
Guess the Taylor Swift song (Mystery Song)
8
2010s Album by Cover III
9
One Thing in Common: Music
10
Guess The Taylor Swift Lyrics Song #1
Explore More
Trending Topics
Disney
Crossword
NBA
Kpop
Harry Potter
Marvel
Anime
Puzzle
WWE
Pokémon
Song
The Office
Country
Soccer
NFL
hide this ad
More By:
kmiz22
Quiz
Plays
Rating
Category
Featured
Created
'To Kill a Mockingbird' Characters
23,061
4.62
Literature
Oct 14, 2009
Harry Potter Book by Opening Line
20,148
4.11
Literature
Oct 25, 2009
Harry Potter Quotes
18,270
3.97
Movies
Oct 3, 2009
Obscure Disney Quotes
14,517
3.12
Movies
Oct 2, 2009
120 AP Literary Terms
10,838
3.50
Language
Jan 7, 2010
Go to Creator's Profile
Score Distribution
Quiz Creator Spotlight
kmiz22
Follow
Send a Message
Quizzes Created
-
Created Quiz Play Count
-
More By This Creator
Popular Quizzes Today
1
Find the US States - No Outlines Minefield
2
Find the Countries of Europe - No Outlines Minefield
3
The Countries of the World
4
Find the US States
5
Risky Map Clicking: Biggest States A-Z
6
US States
7
Popular People in 1961
8
Movies - When Are They Set?
More Music Quizzes
10 to 1: Classic Rock Songs VI
Published
Trending Quizzes
Risky Map Clicking: Least Populous States A-Z
1-10 Letter G Words
1-10 Letter F Words
Risky Map Clicking: Next State Alphabetically
Risky Map Clicking: Biggest States A-Z
Recently Updated
Leaping Animals
pecheneg
Reality TV Shows (A-Z)
bhenderson79
Rickey Henderson's Hall of Fame Teammates
pecheneg
Champions League XIs: Arsenal
pecheneg
Quick Pick: Celebrities in WWE's Hall of Fame
aduchscher
A-Z Keypad Blitz II
pecheneg
Multiple Oscar Actors
pecheneg
Mystery Phrase Blitz: Oscar 'Best Actors'
pecheneg
F. Scott Fitzgerald Novels
LTH
Pick 3 Villains
ddd62291
Trending Topics
Disney
Harry Potter
Marvel
Crossword
Anime
NBA
Kpop
NFL
The Office
WWE
Song
Soccer
Puzzle
Country
Pokémon
Your Account Isn't Verified!
In order to create a playlist on Sporcle, you need to verify the email address you used during registration. Go to your
Sporcle Settings
to finish the process.
Report this User
Report this user for behavior that violates our
Community Guidelines
.
Details:
Send Report
Go to the Sporcle.com Mobile Site →
Comments